Cities by Famous Towers - Statistics

General Stats
  • This quiz has been taken 71 times
  • The average score is 11 of 18
Answer Stats
Picture Answer % Correct
Paris
100%
New York
97%
Pisa
87%
Dubai
85%
Kuala Lumpur
77%
Toronto
77%
Las Vegas
76%
London
76%
Seattle
69%
Singapore
68%
Tokyo
68%
Taipei
61%
Shanghai
58%
Pyongyang
50%
Tehran
34%
Guangzhou
16%
Munich
10%
Rabat
0%
No matching quizzes found
Score Distribution
Percent of People with Each Score
Percentile by Number Answered
Your Score History
You have not taken this quiz